000 02287 a2200253 4500
003 UA-OsUOA
005 20231114095605.0
008 231114b un ||||| |||| 00| 0 ukr d
020 _a9786177965229
040 _aUA-OsUOA
_bukr
_cUA-OsUOA
_dUA-OsUOA
041 _aukr
080 _a94(100)"1939/1945"+430
090 _a94(100)"1939/1945"+430
_bР54
100 _aРіс Л.
245 _aГітлер і Сталін. Тирани і Друга світова війна
_cЛоренс Ріс ; пер. з англ. Катерина Диса
250 _a2-ге вид.
260 _aК.
_bЛабораторія
_c2021
300 _a480 с.
520 _aГітлер і Сталін — два, мабуть, найвідоміші тирани XX століття. Хоч вони й перебували в опозиції один до одного, все ж були втіленням єдиного принципу авторитарної влади. Злочини сталінського режиму не менш жахливі, аніж нацистського, та за цими двома лідерами люди чомусь йшли до кінця. Чому? Лоренс Ріс 30 років розпитував саме цих людей про їхні згадки щодо подій Другої світової — і вмістив в цій книзі сповіді тих, хто наживо був свідком правління двох тиранічних історичних постатей. На основі розповідей солдат Червоної армії та вермахту, цивільного населення та навіть тих, хто перебував у найближчому оточенні до Гітлера і Сталіна, Лоренс Ріс зміг передати залаштунки кривавого протистояння, таємних політичних процесів та нещадних доленосних рішень.
650 _2UDC
_a94 Історія загалом
942 _cBK
_2udc
955 _a4
999 _c575387
_d575387